000 00517nam a2200157Ia 4500
008 240126s9999 xx 000 0 und d
022 _a4421-1070
041 _aEnglish
082 _aLIBRARY-XV
245 0 _aIndian Journal of Software Engineering (2012 -
260 _bGlobal Research Publications
_aNew Delhi
440 _aNULL
650 _aComputer Science, Information Science, Computer Applications
650 _aSoftware,(2012, -,Computer Science,Information Science,Computer Applications
942 _cJN
999 _c273473
_d273473